| 000 | 00854nam0a22002651 4500 | ||
|---|---|---|---|
| 001 | rc\2726866 | ||
| 005 | 20250810042849.0 | ||
| 035 | _a(NLR Aleph) 006854325 | ||
| 090 |
_a6780460 _c6780460 |
||
| 100 | _a20110915d1943 u y0rusy50 ca | ||
| 101 | 0 | _arus | |
| 102 | _aRU | ||
| 105 | _ay z ||||| | ||
| 200 | 1 |
_aОбеспечим себя овощами _e[Опыт овощеводства в сев. р-нах Карело-Фин. ССР] |
|
| 210 |
_aБеломорск _cГосиздат Карело-Фин. ССР _d1943 |
||
| 215 |
_a40 с. _d20 см. |
||
| 700 | 1 |
_aМейльбаум _bЯ. |
|
| 801 | 0 |
_aRU _bNLR _gpsbo |
|
| 801 | 1 |
_aRU _bELAR _2rusmarc |
|
| 852 |
_aNLR _jС40 Г-4/198 |
||
| 852 |
_aNLR _jС40 Г-4/86 |
||
| 942 | _cBOOK | ||
| 945 | _aРоссийская национальная библиотека | ||
| 980 | _aNB | ||
| 980 | _aBV | ||